Statistics for Title in the Lyrics – Simon & Garfunkel

Click here to take the quiz!

General Stats

  • This quiz has been taken 35 times
  • The average score is 11 of 20

Answer Stats

Answer% Correct
And here′s to you, {Mrs.} {Robinson} / Jesus loves you more than you will know
94%
Like a {Bridge} {Over} {Troubled} {Water} / I will lay me down
94%
{Cecilia}, you′re breaking my heart / You're shaking my confidence daily
84%
People writing songs that voices never shared / No one dared disturb {The} {Sound} {of} {Silence}
84%
Are you going to {Scarborough} {Fair}? / Parsley, sage, rosemary and thyme
81%
{I} {Am} {a} {Rock} / I am an island
81%
In the clearing stands a {Boxer} / And a fighter by his trade
81%
I wish I was {Homeward} {Bound} / Home where my thoughts are skipping
81%
Counting the cars on the New Jersey Turnpike / They've all come to look for {America}
66%
I′d rather be a sparrow than a snail / Yes, I would / {If} {I} {Could} I surely would
56%
Look around, leaves are brown / And the sky is {A} {Hazy} {Shade} {of} {Winter}
50%
I've just been {Fakin}' {It} / Not really makin' it
38%
Just kicking down the cobblestones / Looking for fun and {Feelin}' {Groovy}
31%
Someone told me it's all happening {At} {the} {Zoo}
31%
Nothing but the dead and dying back in {My} {Little} {Town}
25%
Doo-n-doo Doo-n-doo-doo and here I am / {The} {Only} {Living} {Boy} {in} {New} {York}
22%
{So} {Long}, {Frank} {Lloyd} {Wright} / I can't believe your song is gone so soon
22%
A newspaper blown through the grass / Falls on the round toes / On the high shoes of the {Old} {Friends}
19%
In {The} {Dangling} {Conversation} / And the superficial sighs / The borders of our lives
19%
{Last} {Night} {I} {Had} {the} {Strangest} {Dream} I ever dreamed before /
I dreamed the world had all agreed to put an end to war
19%

Score Distribution

Percentile by Number Answered

Percent of People with Each Score

Your Score History

You have not taken this quiz